Jezik
English
Deutsch
Español
Français
Italiano
日本語
Nederlands
Português
Português (Brasil)
中文(简体)
中文(繁體)
Türkçe
עברית
Gaeilge
Cymraeg
Ελληνικά
Català
Euskara
Русский
Čeština
Suomi
Svenska
polski
Dansk
slovenščina
اللغة العربية
বাংলা
Galego
Tiếng Việt
Hrvatski
हिंदी
Հայերէն
Українська
Sva polja
Naslov
Autor
Tema
ISBN/ISSN
Oznaka
Identifikator
Pronađi
Napredno
Т. 15, № 10; Известия Академии...
Citiraj ovo
Pošalji tekstualnu poruku
Pošalji ovo e-mailom
Ispiši
Izvezi zapis
Izvezi u RefWorks
Izvezi u EndNoteWeb
Izvezi u EndNote
Stalna poveznica
Esportazione completata correttamente —
Т. 15, № 10; Известия Академии наук СССР. Неорганические материалы
Bibliografski detalji
Parent link:
Известия Академии наук СССР. Неорганические материалы: научный журнал/ Академия наук СССР (АН СССР). Т. 15, № 10.— , 1965-1990.— 0002-337X
Jezik:
ruski
Izdano:
1979
Format:
MixedMaterials
Knjiga
KOHA link:
https://koha.lib.tpu.ru/cgi-bin/koha/opac-detail.pl?biblionumber=451899
Primjerci
Opis
Slični predmeti
Prikaz za djelatnike knjižnice
MARC
LEADER
00000nam2a2200000 4500
001
451899
005
20231101083632.0
035
|a
(RuTPU)RU\TPU\prd\114394
035
|a
RU\TPU\prd\114373
090
|a
451899
100
|a
20110624a19651990k y0rusy50 ca
101
0
|a
rus
102
|a
RU
200
0
|a
Т. 15, № 10
210
|d
1979
461
1
|0
(RuTPU)RU\TPU\prd\275
|x
0002-337X
|t
Известия Академии наук СССР. Неорганические материалы
|o
научный журнал
|f
Академия наук СССР (АН СССР)
|v
Т. 15, № 10
|d
1965-1990
801
0
|a
RU
|b
63413507
|c
20010227
|g
PSBO
801
1
|a
RU
|b
63413507
|c
20020228
|g
PSBO
801
2
|a
RU
|b
63413507
|c
20140828
|g
PSBO
942
|c
BK
999
|a
НТБ_ТПУ
|b
НФ
|e
-8/20110111
|p
П-701оп
|u
0,00
|v
1
Slični predmeti
Т. 15, № 1; Известия Академии наук СССР. Неорганические материалы
Izdano: (1979)
Т. 15, № 2; Известия Академии наук СССР. Неорганические материалы
Izdano: (1979)
Т. 15, № 3; Известия Академии наук СССР. Неорганические материалы
Izdano: (1979)
Т. 15, № 4; Известия Академии наук СССР. Неорганические материалы
Izdano: (1979)
Т. 15, № 5; Известия Академии наук СССР. Неорганические материалы
Izdano: (1979)